000 00488nam a22001697a 4500
003 OSt
005 20140310182331.0
008 130924t xxu||||| |||| 00| 0 eng d
050 _aBT 301
_b.Sm642 1971
082 _aGS 232.901
_bD86 1986
100 _aDudley-Smith, Timothy
_921440
245 _aThe lion book of stories of jesus /
_cTimothy Dudley-Smith
260 _aOxford, England :
_bLion Publishing,
_cc1971.
300 _a93 p. :
_c24 cm.
942 _2lcc
_cBK-GS
999 _c11991
_d11991